000
00310nam a22001457a 4500
008
221014b ||||| |||| 00| 0 eng d
020
_a
9781557980854
041
_a
eng
080
_a
004
082
_a
004
100
_a
19.2
101
_a
SHK
245
_a
MASTERING APA STYLE
_c
GELFAND H
942
_2
udc
_c
BK
999
_c
58563
_d
58563